000 00509nam a2200193Ia 4500
003 OSt
005 20240802104844.0
008 210716s2017 xx 000 0 und d
020 _a9780241207031
040 _cAIMIT LIBRARY
041 _aeng
082 _a374.22
_21
_bSMIA
100 _aSmith, Ali.
_9174876
245 _aWinter /
_cBy Ali Smith.
250 _a1st ed.
260 _aNew Delhi :
_bThomson Press India Ltd ,
_c2017.
300 _a321p. ;
_bPB
_c23.8 cm
942 _2ddc
_cBK
_e1st
_k374.22 SMIA
999 _c210440
_d210440